000
00234 a2200097 4500
001
47777
100
_a
Warner A
245
_a
The impact of science on technology
260
_a
New York
_b
Columbia university
_c
090
_c
30779
_d
30779
942
_a
NUST-CAE
_c
M
_c
23090
999
_c
282850
_d
282850